Представление документа в формате MARC21

Поле Инд. ПП Название Значение
Тип записи a
Библиографический уровень b
001 Контрольный номер 2443121fdc03439b8bacd183bc0d179e
005 Дата корректировки 20210819163003.8
040 a Служба первич. каталог. РИНЦ
041 0_ a Код языка текста rus
084 a Индекс другой классификации/Индекс ББК 74.48; 30р3
097 a Чагина С.Г.
097 a Костикова Н.В.
100 1_ a Автор Багдасарьян Н. Г.
g Прочие сведения РИНЦ AuthorID: 120295 (http://elibrary.ru/author_items.asp?authorid=120295)
q Полное имя Багдасарьян Надежда Гегамовна
c Титул (звания) профессор; доктор философских наук
i 000089095
k Кафедра социологии и гуманитарных наук; Факультет социальных и гуманитарных наук
u Дополнение Багдасарьян Н. Г.
245 10 a Заглавие Инженерное образование: между миссией и стандартом
550 a Прим. об изд. организации Кафедра социологии и гуманитарных наук; Факультет социальных и гуманитарных наук
650 04 a Основная рубрика техника; образование; профессиональное образование; высшее образование
773 18 t Название источника Высшее образование в России
b Сведения об издании Федеральное государственное бюджетное образовательное учреждение высшего образования "Московский политехнический университет"
c Москва
d Место и дата издания 2015
m Специф. данные журнал из перечня ВАК
m Специф. данные ненулевой импакт-фактор
n Примечание http://elibrary.ru/contents.asp?issueid=1389835
g Прочая информация № 4. - С. 34 - 43
w Контрольный № источника 1bf9a695e229491fb32faa9dd88606cd
856 40 u URL http://elibrary.ru/item.asp?id=23420156
901 t Тип документа b
952 c Вид литературы статья в журнале